Catálogo

Tiempo, espacio y medicina / (Registro nro. 2215)

Detalles MARC
000 -LEADER
fixed length control field 01236cam a2200373 i 4500
001 - CONTROL NUMBER
control field 2215
003 - CONTROL NUMBER IDENTIFIER
control field Mx-PuUPA
005 - DATE AND TIME OF LATEST TRANSACTION
control field 20250721115008.0
008 - FIXED-LENGTH DATA ELEMENTS--GENERAL INFORMATION
fixed length control field 140415s1986 sp gr 000 0 spa d
017 ## - COPYRIGHT OR LEGAL DEPOSIT NUMBER
Copyright or legal deposit number B-9685-2010
020 ## - INTERNATIONAL STANDARD BOOK NUMBER
International Standard Book Number 9788472452473
040 ## - CATALOGING SOURCE
Original cataloging agency Mx-PuUPA
Language of cataloging spa
Transcribing agency Mx-PuUPA
Modifying agency Mx-PuUPA
Description conventions rda
041 1# - LANGUAGE CODE
Language code of text/sound track or separate title spa
Language code of original eng
100 1# - MAIN ENTRY--PERSONAL NAME
9 (RLIN) 17344
Personal name Dossey, Larry,
Dates associated with a name 1940-
Relator term autor
240 10 - UNIFORM TITLE
Uniform title Space, time and medicine.
Language of a work Español
245 10 - TITLE STATEMENT
Title Tiempo, espacio y medicina /
Statement of responsibility, etc. Larry Dossey ; prólogo de Fritjof Capra ; traducción, Pedro de Casso
250 ## - EDITION STATEMENT
Edition statement Quinta edición /
Remainder of edition statement febrero
264 #1 - PRODUCTION, PUBLICATION, DISTRIBUTION, MANUFACTURE, AND COPYRIGHT NOTICE
Place of production, publication, distribution, manufacture Barelona :
Name of producer, publisher, distributor, manufacturer Editorial Kairós,
Date of production, publication, distribution, manufacture, or copyright notice 2010
300 ## - PHYSICAL DESCRIPTION
Extent 359 páginas ;
Dimensions 20 cm
336 ## - CONTENT TYPE
Fuente rdacontent
Content type term texto
Content type code txt
337 ## - MEDIA TYPE
Source rdamedia
Media type term sin medio
Media type code n
338 ## - CARRIER TYPE
Source rdacarrier
Carrier type term volumen
Carrier type code nc
490 0# - SERIES STATEMENT
Series statement Nueva Ciencia
650 #7 - SUBJECT ADDED ENTRY--TOPICAL TERM
Source of heading or term armarc
Topical term or geographic name entry element Medicina
General subdivision Filosofía
650 #7 - SUBJECT ADDED ENTRY--TOPICAL TERM
Source of heading or term armarc
Topical term or geographic name entry element Salud
650 #7 - SUBJECT ADDED ENTRY--TOPICAL TERM
Source of heading or term armarc
Topical term or geographic name entry element Mente y cuerpo
650 #7 - SUBJECT ADDED ENTRY--TOPICAL TERM
Source of heading or term armarc
Topical term or geographic name entry element Espacio y tiempo
700 1# - ADDED ENTRY--PERSONAL NAME
Personal name Capra, Fritjof
Relator term próloguista
700 1# - ADDED ENTRY--PERSONAL NAME
Personal name Casso, Pedro de,
Relator term traductor
765 0# - ORIGINAL LANGUAGE ENTRY
Main entry heading Drossey, Larry,
Title Space, time and medicine.
942 ## - ADDED ENTRY ELEMENTS (KOHA)
Source of classification or shelving scheme Dewey Decimal Classification
Koha item type Libro
Classification part 610.1
Item part D7218
Existencias
Withdrawn status Lost status Source of classification or shelving scheme Damaged status Not for loan Collection code Home library Current library Shelving location Date acquired Source of acquisition Total Checkouts Full call number Barcode Date last seen Price effective from Koha item type
    Dewey Decimal Classification     General Centro de Estudios en Ciencia y Religión Centro de Estudios en Ciencia y Religión Sala general 03/12/2013 Compra   610.1 D7218 1986 47015 05/01/2026 03/12/2013 Libro